Statistics for How well do you know Little Mix?

Click here to take the quiz!

General Stats

  • This quiz has been taken 777 times
  • The average score is 11 of 29

Answer Stats

HintAnswer% Correct
What year was the band formed?2011
98%
Who use to date Sam?Jade
83%
What is Perrie's surname?Edwards
82%
What is Leigh-Ann's surname?Pinnock
80%
Who loves Justin Bieber and Rihanna?Leigh Ann
77%
Who has dogs named that begin with H and M?Leigh-Ann
77%
What is Jesy's real name and her surname?Jessica Nelson
66%
What is Jade's surname?Thirwall
65%
What are their fans called?Mixers
62%
Who was their mentor?Tulisa
56%
What are both their albums called?Dna,Salute
43%
Which band is Perrie's Fiance from?One Direction
42%
Who did Little Mix support on the North America Tour in 2014?Demi Lovato
34%
Who was featured on of the girls single?Missy Elliot
31%
What was their eighth single? (not including Cannonball)Salute
27%
Which band member has a strange phobia of sandwiches?Jesy Nelson
21%
What was the first song they performed together at Judges Houses after being formed?Big girls don't cry
19%
What were they originally called?Rhythmix
17%
Who previously auditioned in 2008?Jade Thirwall
16%
Who is the only one single?Jade Thirwall
16%
What song did they perform as guests in 2013?Move
14%
Jade's Birthday, day-month-year26-12-1992
12%
Perrie's Birthday, day-month-year10-07-1993
11%
When was their DNA Album released? (Month, year)November 2012
10%
Leigh-Ann's Birthday, day-month-year4-10-1991
7%
Jesy's Birthday, day-month-year14-06-1991
6%
Name their first book?Ready to fly
6%
What month and year did Perrie get engaged?August 2013
3%
What month and year was the radio premiere for Move in the UK?September 2013
3%

Score Distribution

Percentile by Number Answered

Percent of People with Each Score

Your Score History

You have not taken this quiz